|
|
|
|
| LEADER |
00000cam a22000004a 4500 |
| 001 |
musev2_41540 |
| 003 |
MdBmJHUP |
| 005 |
20230905044344.0 |
| 006 |
m o d |
| 007 |
cr||||||||nn|n |
| 008 |
070216r20071959mau o 00 0 eng d |
| 010 |
|
|
|z 2007007182
|
| 020 |
|
|
|a 9781555537609
|
| 020 |
|
|
|z 9781555536695
|
| 020 |
|
|
|z 155553760X
|
| 035 |
|
|
|a (OCoLC)715191576
|
| 040 |
|
|
|a MdBmJHUP
|c MdBmJHUP
|
| 043 |
|
|
|a n-usn--
|
| 050 |
0 |
4 |
|a PS3525.E77
|b R48 2007
|
| 082 |
0 |
|
|a 813/.54
|2 22
|
| 100 |
1 |
|
|a Metalious, Grace.
|
| 245 |
1 |
0 |
|a Return to Peyton Place /
|c Grace Metalious ; with a new introduction by Ardis Cameron.
|
| 264 |
|
1 |
|a Lebanon, NH :
|b Published by University Press of New England,
|c 2007.
|
| 264 |
|
3 |
|a Baltimore, Md. :
|b Project MUSE,
|c 2016
|
| 264 |
|
4 |
|c ©2007.
|
| 300 |
|
|
|a 1 online resource (272 pages).
|
| 336 |
|
|
|a text
|b txt
|2 rdacontent
|
| 337 |
|
|
|a computer
|b c
|2 rdamedia
|
| 338 |
|
|
|a online resource
|b cr
|2 rdacarrier
|
| 490 |
0 |
|
|a Hardscrabble Books
|
| 500 |
|
|
|a Originally published: 1959 by Julian Messner, Inc.
|
| 588 |
|
|
|a Description based on print version record.
|
| 650 |
|
0 |
|a City and town life
|v Fiction.
|
| 651 |
|
0 |
|a New England
|v Fiction.
|
| 655 |
|
0 |
|a Domestic fiction.
|
| 655 |
|
7 |
|a Electronic books.
|2 local
|
| 700 |
1 |
|
|a Cameron, Ardis.
|
| 710 |
2 |
|
|a Project Muse.
|e distributor
|
| 830 |
|
0 |
|a Book collections on Project MUSE.
|
| 856 |
4 |
0 |
|z Texto completo
|u https://projectmuse.uam.elogim.com/book/41540/
|
| 945 |
|
|
|a Project MUSE - Custom Collection
|
| 945 |
|
|
|a Project MUSE - Archive Complete Supplement IV
|
| 945 |
|
|
|a Project MUSE - Archive Poetry, Fiction and Creative Non-Fiction Supplement IV
|